000 00385nam a2200169Ia 4500
001 29419
003 IN-NITTTR
005 20251114233401.0
008 251113s9999||||xx |||||||||||||| ||eng||
040 _beng
040 _cIN-NITTTR
041 _aeng
082 _a004 G93H
100 _aGupta, N. K.
245 0 _aHandbook on computer awareness /
_cGupta, N. K.
942 _2ddc
_cBK
999 _c32047
_d32047